Central Library OPAC University of Rajshahi

Barnet & Stubbs's Practical guide to writing / (Record no. 63287)

MARC details
000 -LEADER
fixed length control field 00961nam a2200289 a 4500
001 - CONTROL NUMBER
control field 63287
003 - CONTROL NUMBER IDENTIFIER
rucl marc code BD-RjUL
005 - DATE AND TIME OF LATEST TRANSACTION
control field 20211209081158.0
008 - FIXED-LENGTH DATA ELEMENTS--GENERAL INFORMATION
fixed length control field 170129s1983 maua b 001 0 eng d
020 ## - INTERNATIONAL STANDARD BOOK NUMBER
International Standard Book Number 0316081531
035 ## - SYSTEM CONTROL NUMBER
System control number (BD-RjUL)63416
040 ## - CATALOGING SOURCE
Original cataloging agency BD-RjUL
Transcribing agency BD-RjUL
Modifying agency BD-RjUL
Language of cataloging eng
041 ## - LANGUAGE CODE
Language code of text/sound track or separate title eng
082 00 - DEWEY DECIMAL CLASSIFICATION NUMBER
Classification number 808.042
Edition number 23
Author mark and year BAB 1983
100 1# - MAIN ENTRY--PERSONAL NAME
Personal name Barnet, Sylvan.
9 (RLIN) 188336
245 10 - TITLE STATEMENT
Title Barnet & Stubbs's Practical guide to writing /
Statement of responsibility, etc. Sylvan Barnet, Marcia Stubbs.
250 ## - EDITION STATEMENT
Edition statement 4th ed. with additional readings.
260 ## - PUBLICATION, DISTRIBUTION, ETC. (IMPRINT)
Place of publication, distribution, etc. Boston :
Name of publisher, distributor, etc. Little, Brown,
Date of publication, distribution, etc. c1983.
300 ## - PHYSICAL DESCRIPTION
Pagination xxii, 671 p. :
Illustrations ill. ;
Size 21 cm.
504 ## - BIBLIOGRAPHY, ETC. NOTE
Bibliography, etc Includes bibliographical references index.
650 #0 - SUBJECT ADDED ENTRY--TOPICAL TERM
Topical term or geographic name as entry element English language
General subdivision Rhetoric
-- Handbooks, manuals, etc.
9 (RLIN) 188337
Topical term or geographic name as entry element Report writing
General subdivision Handbooks, manuals, etc.
9 (RLIN) 188338
Topical term or geographic name as entry element College readers.
9 (RLIN) 178377
700 1# - ADDED ENTRY--PERSONAL NAME
Personal name Stubbs, Marcia.
942 ## - ADDED ENTRY ELEMENTS (KOHA)
Source of classification or shelving scheme Dewey Decimal Classification
Koha item type Books
Holdings
Lost status Source of classification or shelving scheme Damaged status Not for loan Collection code Permanent Location Current Location Shelving location Date acquired Source of acquisition Total Checkouts Full call number Date last seen Copy number Koha item type
  Dewey Decimal Classification   Not For Loan Non-fiction Central Library, University of Rajshahi Central Library, University of Rajshahi Reading Room 05/07/1987 Asia foundation   808.042 BAB 1983 29/01/2017 C-1 Books
  Dewey Decimal Classification     Non-fiction Central Library, University of Rajshahi Central Library, University of Rajshahi   06/07/1987 Asia Foundation , U.S.A.   808.042 BAB 1983 10/12/2019 C-2 Books